| 000 | 02117nam0a2200421 4500 | ||
|---|---|---|---|
| 001 | RU\NLR\bibl\207046 | ||
| 005 | 20260407022235.0 | ||
| 010 |
_a5-7107-4133-7 _bВ пер. _91000 |
||
| 020 |
_aRU _b01-39702 _9Книжная летопись |
||
| 021 |
_aRU _b2001-19646 _9924 |
||
| 035 | _a(NLR Aleph) 000203291 | ||
| 090 |
_a1178571 _c1178571 |
||
| 100 | _a20011112d2001 u y0rusy50 ca | ||
| 101 | 0 | _arus | |
| 102 | _aRU | ||
| 105 | _aa ||||||||| | ||
| 200 | 1 |
_aАвиация ПВО России и научно-технический прогресс _eБоевые комплексы и системы вчера, сегодня, завтра _f[В. К. Бабич, Л. Е. Баханов, Г. П. Герасимов и др.] _gПод ред. Е. А. Федосова; Гос. науч.-исслед. ин-т авиац. систем |
|
| 210 |
_aМ. _cДрофа _d2001 |
||
| 215 |
_a815, [1] с. _cил. _d25 |
||
| 300 | _aАвт. указаны на обороте тит. л. | ||
| 320 | _aБиблиогр.: с. 797-810. Библиогр. в конце разд. | ||
| 601 | 0 | 1 |
_aРоссийская Федерация _bВойска противовоздушной обороны _bИстребительная авиация _xИстория _92228042 _3RU\NLR\AUTH\661337441 |
| 675 |
_a623.76(470) _v3 _zrus |
||
| 686 |
_a78.25 _2rugasnti |
||
| 686 |
_a68.8 _2rubbk |
||
| 686 | 1 | _aЦ65,6(2Р)11-1 | |
| 701 | 1 |
_aБабич _gВладимир Кириллович _4070 |
|
| 701 | 1 |
_aБаханов _gЛеонид Евгеньевич _4070 |
|
| 701 | 1 |
_aГерасимов _gГеннадий Павлович _4070 |
|
| 702 | 1 |
_4340 _7ca _8rus _aФедосов _bЕ. А. _cд-р техн. наук _f1929-2025 _gЕвгений Александрович _941228 _3RU\NLR\AUTH\7758296 |
|
| 712 | 0 | 2 |
_4570 _aГосударственный НИИ авиационных систем _cМосква _9512315 _3RU\NLR\AUTH\8810007374 |
| 801 | 0 |
_aRU _bRKP _c20011112 _gPSBO |
|
| 801 | 1 |
_aRU _bRKP _c20011112 |
|
| 801 | 2 |
_aRU _bNLR _c20121128 _grcr |
|
| 942 | _cBOOK | ||
| 980 | _aNB | ||